LEADER 04207oam 2200793I 450 001 9910783868703321 005 20230207223833.0 010 $a1-134-53218-0 010 $a0-429-23274-8 010 $a1-138-81074-6 010 $a1-280-02209-4 010 $a0-203-47213-6 024 7 $a10.4324/9780203472132 035 $a(CKB)1000000000250024 035 $a(EBL)180560 035 $a(OCoLC)252868292 035 $a(SSID)ssj0000376418 035 $a(PQKBManifestationID)11282891 035 $a(PQKBTitleCode)TC0000376418 035 $a(PQKBWorkID)10335171 035 $a(PQKB)11556971 035 $a(MiAaPQ)EBC180560 035 $a(Au-PeEL)EBL180560 035 $a(CaPaEBR)ebr10165964 035 $a(CaONFJC)MIL2209 035 $a(OCoLC)1000437881 035 $a(EXLCZ)991000000000250024 100 $a20180331d2003 uy 0 101 0 $aeng 135 $aur|n|---||||| 181 $ctxt 182 $cc 183 $acr 200 10$aForeign direct investment, democracy, and development $eassessing contours, correlates, and concomitants of globalization /$fIndra de Soysa 210 1$aLondon ;$aNew York :$cRoutledge,$d2003. 215 $a1 online resource (171 p.) 225 1 $aRoutledge advances in international political economy ;$v8 300 $aDescription based upon print version of record. 311 $a0-203-24142-8 311 $a0-415-25054-4 320 $aIncludes bibliographical references (p. [133]-148) and index. 327 $aBook Cover; Title; Contents; List of figures; List of tables; Acknowledgments; List of abbreviations; Introduction; Outline of study; The contours of globalization; The advance of globalization; Trade; Growth of democracy; Growth of income and welfare; Open markets and development; Globalization and development: theory old and new; The neoliberals and development; The neo-Marxist theories of underdevelopment; Causality between FDI and democracy; Globalization and growth empirics; Capital is not capital!; PEN empirics; Controversy; Adjudication: new data and models; Results of new analyses 327 $aDemocracy and growth: theory old and newRegime type and economic growth; Collusive elite?; Convulsive mass?; Discerning ~good~ democracy from ~bad~: a synthesis; The hypotheses, variables, and data; Empirics of democracy and growth, and growth of democracy; Results and conclusions; Globalization and democracy; Assessing globalization's correlates and concomitants; Data appendix; Notes; Bibliography; Index 330 $aThe effects of globalization on economy and society are highly contested subjects in academic and political arenas. This study brings an empirical perspective to the crucially important arguments that encapsulate the major debates in this area. Using quantitative data, this book addresses the shape and degree of internationalisation by focussing on the impact of Foreign Direct Investment (FDI) and democracy on economic development and the effects of economic internationalisation on democracy.The author examines democracy's effects on economic growth and considers the claim that foreign 410 0$aRoutledge advances in international political economy ;$v8. 606 $aInvestments, Foreign 606 $aInternational trade 606 $aInternational economic integration 606 $aInvestments, Foreign$zDeveloping countries 606 $aGlobalization$xEconomic aspects$zDeveloping countries 606 $aGlobalization$xSocial aspects$zDeveloping countries 606 $aDemocracy$zDeveloping countries 607 $aDeveloping countries$xEconomic conditions$y21st century 615 0$aInvestments, Foreign. 615 0$aInternational trade. 615 0$aInternational economic integration. 615 0$aInvestments, Foreign 615 0$aGlobalization$xEconomic aspects 615 0$aGlobalization$xSocial aspects 615 0$aDemocracy 676 $a337 700 $aDe Soysa$b Indra.$0948733 801 0$bMiAaPQ 801 1$bMiAaPQ 801 2$bMiAaPQ 906 $aBOOK 912 $a9910783868703321 996 $aForeign direct investment, democracy, and development$93835474 997 $aUNINA LEADER 04765oam 2200877 c 450 001 9910410645703321 005 20260326205137.0 010 $a3-95743-730-X 024 7 $a10.30965/9783957437303 035 $a(CKB)4920000000126314 035 $a(nllekb)BRILL9783957437303 035 $a(Brill | mentis)9783957437303 035 $a(oapen)https://directory.doabooks.org/handle/20.500.12854/37369 035 $a(MiAaPQ)EBC31544662 035 $a(Au-PeEL)EBL31544662 035 $a(oapen)doab37369 035 $a(EXLCZ)994920000000126314 100 $a20260302d2020 uy 0 101 0 $aeng 135 $aurun####uuuua 181 $ctxt$2rdacontent 182 $cc$2rdamedia 183 $2rdacarrier 200 00$aPanentheism and Panpsychism$ePhilosophy of Religion Meets Philosophy of Mind$fSwami Medhananda, Karl Pfeifer, Theodore Walker Jr., Thomas J. Oord, Uwe Meixner, Philip Goff, Philip Clayton, James M. Arcadi, David Skrbina, Uwe Voigt, Joanna Leidenhag, Christian Tapp, Bruno Niederbacher SJ, Godehard Brüntrup, Benedikt Paul Göcke, Ludwig Jaskolla 205 $a1st ed. 210 $aPaderborn$cBrill | mentis$d2020 215 $a1 online resource 225 0 $aInnsbruck Studies in Philosophy of Religion Series ;$vVolume 2 311 08$a3-95743-171-9 327 $aIntro -- Content -- Introduction -- Part I Panentheism and Panpsychism in Philosophy -- Interdisciplinary Convergences with Biology and Ethics via Cell Biologist Ernest Everett Just and Astrobiologist Sir Fred Hoyle -- Panpsychism and Panentheism -- Deploying Panpsychism for the Demarcation of Panentheism -- God as World-Mind: Some Theological Implications of Panpsychism -- Universal Consciousness as the Ground of Logic -- Naïve Panentheism -- What a Feeling? In Search of a Metaphysical Connection between Panpsychism and Panentheism -- Part II Panentheism and Panpsychism in Theology -- God or Space and Nature? Henry More's Panentheism of Space and Panpsychism of Life and Nature -- Varieties of Panpsychism -- Orthodox Panentheism: Sergius Bulgakov's Sophiology -- Panentheism and Panexperientialism for Open and Relational Theology -- A Panpsychist Panentheistic Incarnational Model of the Eucharist -- Panentheistic Cosmopsychism: Swami Vivekananda's S??khya-Ved?ntic Solution to the Hard Problem of Consciousness -- Biographical Notes. 330 $aPanpsychism has become a highly attractive position in the philosophy of mind. On panpsychism, both the physical and the mental are inseparable and fundamental features of reality. Panentheism has also become immensely popular in the philo-sophy of religion. Panentheism strives for a higher reconciliation of an atheistic pantheism, on which the universe itself is causa sui, and the ontological dualism of necessarily existing, eternal creator and contingent, ? nite creation. Historically and systematically, panpsychism and panentheism often went together as essential parts of an all-embracing metaphysical theory of Being. The present collection of essays analyses the relation between panpsychism and panentheism and provides critical re?ections on the signi?cance of panpsychistic and panentheistic thinking for recent debates in philosophy and theology. 410 0$aInnsbruck Studies in Philosophy of Religion;$v2. 606 $aMetaphysik 606 $aAnalytische Theologie 606 $aWeltanschauungen 606 $aBewusstsein 606 $aGott-Welt-Beziehung 606 $aMetaphysics 606 $aAnalytic Theology 606 $aWorldviews 606 $aConsciousness 606 $aGod-word-relation 615 4$aMetaphysik 615 4$aAnalytische Theologie 615 4$aWeltanschauungen 615 4$aBewusstsein 615 4$aGott-Welt-Beziehung 615 4$aMetaphysics 615 4$aAnalytic Theology 615 4$aWorldviews 615 4$aConsciousness 615 4$aGod-word-relation 676 $a141 702 $aMedhananda$cSwami,$4ctb 702 $aPfeifer$b Karl$f1928-$4ctb 702 $aWalker Theodore Jr$4ctb 702 $aOord$b Thomas Jay$4ctb 702 $aMeixner$b Uwe$4ctb 702 $aGoff$b Philip$4ctb 702 $aClayton$b Philip$4ctb 702 $aArcadi$b James M$4ctb 702 $aSkrbina$b David$4ctb 702 $aVoigt$b Uwe$4ctb 702 $aLeidenhag$b Joanna$4ctb 702 $aTapp$b Christian$4edt 702 $aNiederbacher SJ$b Bruno$4edt 702 $aBru?ntrup$b Godehard$4edt 702 $aGöcke$b Benedikt Paul$4edt 702 $aJaskolla$b Ludwig$4edt 801 0$bMiAaPQ 801 1$bMiAaPQ 801 2$bMiAaPQ 906 $aBOOK 912 $a9910410645703321 996 $aPanentheism and Panpsychism$92170362 997 $aUNINA